000 01006nam a22002175i 4500
001 166780
003 ES-MaACL
005 20230906213412.0
008 981002s1899 sp |||| | spa d
100 1 _aUnamuno, Miguel de,
_d1864-1936
_9111982
245 1 0 _aDe la enseñanza superior en España /
_cMiguel de Unamuno.
260 _aMadrid :
_bRevista Nueva,
_c1899 (
_fImp. de Antonio Marzo)
300 _aVIII, 9-112 p. ;
_c19 cm.
505 8 _aContiene: La enseñanza del latín en España, p. [80]-112
650 4 _aEnseñanza superior-
_zEspaña-
_yS.XIX.
_9144821
650 4 _aLengua latina-
_xEnseñanza-
_zEspaña.
_9172388
852 4 _aES-MaACL
_jT-1140-F-1
_z- Ejempl. deteriorado; p. sueltas
_z- Enc. hol., conservando la enc. original
_z- Enc. en un vol. facticio
856 4 _uhttp://bdh-rd.bne.es/viewer.vm?id=0000250878&page=1
_zBiblioteca Digital Hispánica
856 4 _uhttp://www.liburuklik.euskadi.eus/handle/10771/24524
_zBiblioteca Digital Vasca
999 _c166780
_d166780